Of good and ill repute : gender and social control in medieval England /

Bibliographic Details
Main Author: Hanawalt, Barbara
Format: Book
Language:English
Published: New York : Oxford University Press, 1998.
Subjects:

MARC

Tag First Indicator Second Indicator Subfields
LEADER 00000cam a2200000 a 4500
001 in00001406466
005 20151020072713.0
008 970707s1998 nyu b 001 0 eng
010 |a  97027325  
015 |a GB98-40614 
020 |a 0195109481 (alk. paper) 
020 |a 019510949X (pbk. : alk. paper) 
035 |a (OCoLC)37300670 
035 |9 AHQ3403AM 
040 |a DLC  |c DLC  |d UKM  |d TXA  |d UtOrBLW 
043 |a e-uk-en 
049 |a TXAM 
050 0 0 |a HN398.E5  |b H35 1998 
082 0 0 |a 305.5/12/0942  |2 21 
100 1 |a Hanawalt, Barbara. 
245 1 0 |a Of good and ill repute :  |b gender and social control in medieval England /  |c Barbara A. Hanawalt. 
264 1 |a New York :  |b Oxford University Press,  |c 1998. 
300 |a xiv, 208 pages ;  |c 25 cm. 
336 |a text  |b txt  |2 rdacontent 
337 |a unmediated  |b n  |2 rdamedia 
338 |a volume  |b nc  |2 rdacarrier 
504 |a Includes bibliographical references and index. 
650 0 |a Social status  |z England  |x History. 
650 0 |a Reputation (Law)  |z England  |x History. 
650 0 |a Social control  |z England  |x History. 
650 0 |a Sex role  |z England  |x History. 
650 0 |a Social history  |y Medieval, 500-1500. 
651 0 |a England  |x Social conditions  |y 1066-1485. 
948 |a c:en 
999 |a MARS 
999 f f |s f8cf9017-8ffd-3165-a565-4622fc668030  |i f4442368-942a-31e8-83b3-e745e531087f  |t 0 
952 f f |p ric  |a Texas A&M University  |b Rellis Campus  |c Joint Library Facility  |d Remote Storage  |t 0  |e HN398.E5 H35 1998  |h Library of Congress classification  |i unmediated -- volume  |m A14823317350 
998 f f |a HN398.E5 H35 1998  |t 0  |l Remote Storage